000 00246nam a2200109Ia 4500
008 190907s9999||||xx |||||||||||||| ||und||
100 _aDavid Whiteley
245 0 _aE-Commerce
260 _aUK
_bPenguin Books
_c2000
300 _a259
942 _cBK
999 _c6613
_d6613